Oral rehydration salts : planning, establishment and operation of production facilities /

Saved in:
Bibliographic Details
Corporate Authors: World Health Organization, UNICEF
Format: Book
Language:English
Published: Geneva, Switzerland : Diarrhoeal Diseases Control Programme, WHO, [1985]
Subjects:
LEADER 01128nam a2200289 a 4500
001 c000310825
003 CARM
005 00000000000000.0
008 951106s1985 sq a 00000 eng d
019 1 |a 6074463  |5 LACONCORD2021 
035 |a (OCoLC)220437684  |5 LACONCORD2021 
040 |a VDU  |c VDU 
082 0 4 |a 338.4761561 
245 0 0 |a Oral rehydration salts :  |b planning, establishment and operation of production facilities /  |c WHO, UNICEF. 
260 |a Geneva, Switzerland :  |b Diarrhoeal Diseases Control Programme, WHO,  |c [1985] 
300 |a 136 p. :  |b ill. ;  |c 30 cm. 
500 |a Cover title. 
500 |a WHO/CDD/SER/85.8. 
650 0 |a Oral rehydration therapy. 
650 0 |a Pharmaceutical industry  |x Quality control. 
650 0 |a Oral rehydration therapy for children. 
650 0 |a Drugs  |z Developing countries. 
710 2 |a World Health Organization. 
710 2 |a UNICEF. 
852 8 |b CARM  |h A3:AI04C0  |i F07591  |p 0473434  |f BK 
999 f f |i df428b22-429e-5a96-a9d7-7dab5d9b4abd  |s 557cd20c-3349-5a45-817b-740dc34faf06 
952 f f |p Can circulate  |a CAVAL  |b CAVAL  |c CAVAL  |d CARM 1 Store  |e F07591  |f A3:AI04C0  |h Other scheme  |i book  |m 0473434